Missing Word: Dan Aykroyd Movies Quiz Stats

 Plays Quiz Updated Feb 4, 2019

Support Sporcle.
Go Orange.
Score 0/20 Timer 03:00
0 Plays Today
Dan Aykroyd Movie Word % Correct
Love at ____ SightFirst
99%
Driving ____ DaisyMiss
97.3%
Nothing ____ TroubleBut
96.3%
Yogi ____Bear
95.1%
50 First ____Dates
94.7%
Getting Away with ____Murder
94.2%
The ____ BrothersBlues
93.7%
Trading ____Places
93.4%
The ____ OutdoorsGreat
92.6%
Unconditional ____Love
87.6%
Dan Aykroyd Movie Word % Correct
My Stepmother Is an ____Alien
87.3%
Spies ____ UsLike
84.5%
Grosse Pointe ____Blank
82.6%
I Now Pronounce You ____ & LarryChuck
73.9%
Tommy ____Boy
70.2%
Christmas with the ____Kranks
68.3%
My ____ AmericansFellow
66.6%
____ DetroitDoctor
36.7%
____ the CandelabraBehind
32.7%
The Curse of the ____ ScorpionJade
25.9%

Today's Daily Dose

Word Ladder
Math Aid

Get the Picture
Warrior Women

You're not logged in!

Compare scores with friends on all Sporcle quizzes.
OR
Log In
Forgot?

From the Vault

Arrested Development Opening

by minifriedrice

And that's why you always watch the opening titles.
Remove Ads.
Support Sporcle.
Get the best of Sporcle when you Go Orange. This ad-free experience offers more features, more stats, and more fun while also helping to support Sporcle. Thank you for becoming a member.

Show Comments

Extras

Top Quizzes Today


Score Distribution

Your Account Isn't Verified!

In order to create a playlist on Sporcle, you need to verify the email address you used during registration. Go to your Sporcle Settings to finish the process.

Report this User

Report this user for behavior that violates our Community Guidelines.

Details: